Electromechanical energy conversion (Record no. 7935)

000 -LEADER
fixed length control field 00468nam a22001817a 4500
001 - CONTROL NUMBER
control field 7935
003 - CONTROL NUMBER IDENTIFIER
control field BD-DhUET
008 - FIXED-LENGTH DATA ELEMENTS--GENERAL INFORMATION
fixed length control field 141214b xxu||||| |||| 00| 0 eng d
040 ## - CATALOGING SOURCE
Original cataloging agency DLC
Transcribing agency DLC
Modifying agency BD-DhUET
082 ## - DEWEY DECIMAL CLASSIFICATION NUMBER
Classification number 623.13
Item number GOU/1965
100 ## - MAIN ENTRY--PERSONAL NAME
Personal name Gourishankar, Vembu
245 ## - TITLE STATEMENT
Title Electromechanical energy conversion
250 ## - EDITION STATEMENT
Edition statement 1st ed.
260 ## - PUBLICATION, DISTRIBUTION, ETC. (IMPRINT)
Place of publication, distribution, etc. Scranton
Name of publisher, distributor, etc. International textbook
Date of publication, distribution, etc. 1965
300 ## - PHYSICAL DESCRIPTION
Extent xviii, 564p.
Other physical details ill.
650 #0 - SUBJECT ADDED ENTRY--TOPICAL TERM
Topical term or geographic name as entry element Electric machinery
942 ## - ADDED ENTRY ELEMENTS (KOHA)
Koha item type General Book
Holdings
Sublocation or collection (holding branch) Not for loan Koha date last seen Koha item type Location (home branch) Copy number Withdrawn status Piece designation (barcode) Lost status Koha normalized classification for sorting Koha full call number Source of classification or shelving scheme Price effective from Date acquired Shelving location Damaged status
Central Library, BUET 2014-12-14General BookCentral Library, BUET1 16494 623_130000000000000_GOU_1965623.13/GOU/1965 2014-12-142014-12-14Circulation section 
Central Library, BUET 2015-05-03General BookCentral Library, BUET2 19014 623_130000000000000_GOU_1965623.13/GOU/1965 2015-05-032015-05-03Circulation section 
Central Library, BUET 2015-05-03General BookCentral Library, BUET3 16493 623_130000000000000_GOU_1965623.13/GOU/1965 2015-05-032015-05-03Circulation section 
Central Library, BUET 2015-05-03General BookCentral Library, BUET4 16492 623_130000000000000_GOU_1965623.13/GOU/1965 2015-05-032015-05-03Circulation section 
Central Library, BUET 2015-05-03General BookCentral Library, BUET5 16496 623_130000000000000_GOU_1965623.13/GOU/1965 2015-05-032015-05-03Circulation section 
Central Library, BUET 2015-05-03General BookCentral Library, BUET6 16495 623_130000000000000_GOU_1965623.13/GOU/1965 2015-05-032015-05-03Circulation section 
Central Library, BUET 2015-07-12General BookCentral Library, BUET7 26524 623_130000000000000_GOU_1965623.13/GOU/1965 2015-07-122015-07-12Circulation section